006460000a22002050004500003001100000008004100011040003900052041000800091082001300099245010400112260002500216300000900241650001700250650003400267650001300301650001600314942000700330952008800337999001500425LK-CoMWRAF230817t ||||| |||| 00| 0 eng d aLK-CoMWRAFdLK-CoMWRAFeLK-CoMWRAF aeng a500bSPE aSpecial bullein on the erosion of the judiciary and human rights through legislation ( Pakistan )b aGrabelsbWLUMLc1992 ap.33 ahuman rights aindependence of the juriciary aPakistan ashariah act cBK 00104070aMAINbMAINd2023-08-17l0o500 SPEpRAF3863r2023-08-17w2023-08-17yBK c3068d3068